000 01444nam0a22002771 4500
001 rc\3466439
005 20260406181946.0
021 _aRU
_b[71-37726]
035 _a(NLR Aleph) 007898059
090 _a8020441
_c8020441
100 _a20130115d1971 |||y0rusy50 ca
101 0 _arus
102 _aRU
105 _aa z |||||
200 1 _aОпухоли пищеварительного тракта
_eСборник трудов 1 конф. Всерос. науч. мед. о-ва онкологов
_f[Отв. ред. чл.-кор. АМН СССР, проф. А.С. Павлов
_gМ-во здравоохранения РСФСР. Моск. науч.-исслед. онкол. ин-т им. П.А. Герцена. Всерос. науч. мед. о-во онкологов
210 _aМосква]
_cБ. и.
_d1971
215 _a143 с.
_cчерт.
_d20
606 _aОпухоли пищеварительных органов, злокачественные
_jСборники
_2psbo
702 1 _4340
_7ca
_8rus
_aПавлов
_bА. С.
_cд-р мед. наук, радиология
_f1920-
_gАлександр Сергеевич
_9176415
_3RU\NLR\AUTH\770176466
712 0 2 _aВсероссийское науч. мед. о-во онкологов
_bКонф.
_d1
_f1971
_3RU\NLR\AUTH\889946894
_9389405
801 0 _aRU
_bNLR
_gpsbo
801 1 _aRU
_bELAR
_2rusmarc
852 _aNLR
_j71-3/3159
942 _cBOOK
980 _aNB